Biblioteca ESET

Ética, transparencia y lucha contra la corrupción en la administración pública : | manual para el ejercicio de la función pública. (Registro nro. 902)

Detalles MARC
000 -CABECERA
fixed length control field 00974nam a22002895a 4500
001 - NUMERO DE CONTROL
control field 001339612
003 - CONTROL NUMBER IDENTIFIER
control field AR-BeUNQ
005 - FECHA Y HORA DE LA ULTIMA TRANSACCION
control field 20230925214044.0
007 - CAMPO FIJO DE DESCRIPCION FIJA - INFORMACION GENERAL
fixed length control field ta
008 - ELEMENTOS DE LONGITUD FIJA-INFORMACION GENERAL
fixed length control field 230925s2009 ag f000 spa d
015 ## - NATIONAL BIBLIOGRAPHY NUMBER
National bibliography number AR-2009
020 ## - NUMERO INTERNACIONAL NORMALIZADO PARA LIBROS
Número Internacional Normalizado del libro 9789871407071
040 ## - FUENTE DE CATALOGACION
Agencia de catalogación original AR-BaBN
Idioma de catalogación ESPAÑOL
Agencia que realiza la transcripción AR-BaBN
Convenciones de la descripción aacr
082 ## - NUMERO DE CLASIFICACION DECIMAL DEWEYMBER
Número de clasificación 172
Número de la edición 21
245 00 - MENCION DE TITULO
Título Ética, transparencia y lucha contra la corrupción en la administración pública :
Otra información sobre el título manual para el ejercicio de la función pública.
250 ## - MENCION DE EDICION
Mención de edición 1a ed.
260 ## - PUBLICACION, DISTRIBUCION, ETC.
Lugar de publicación, distribución, etc. Buenos Aires :
Nombre del editor, distribuidor, etc. Ministerio de Justicia y Derechos Humanos de la Nación,
Fecha de publicación, distribución, etc 2009.
300 ## - DESCRIPCION FISICA
Extensión 106 p. ;
Dimensiones 30 cm. +
Material acompañante 1 CD-Rom
504 ## - NOTA DE BIBLIOGRAFIA, ETC.
Nota de bibliografía, etc. Bibliografía: p. 105-106
650 #7 - ASIENTO SECUNDARIO DE MATERIA - TERMINO TEMATICO
Término temático o nombre geográfico como elemento de entrada Función pública
Fuente del encabezamiento o términ spines
650 #7 - ASIENTO SECUNDARIO DE MATERIA - TERMINO TEMATICO
Término temático o nombre geográfico como elemento de entrada Ética
Fuente del encabezamiento o términ spines
650 #7 - ASIENTO SECUNDARIO DE MATERIA - TERMINO TEMATICO
Término temático o nombre geográfico como elemento de entrada Corrupción
Fuente del encabezamiento o términ spines
651 #7 - ASIENTO SECUNDARIO DE MATERIA - NOMBRE GEOGRAFICO
Nombre geográfico Argentina
Fuente del encabezamiento o término spines
710 ## - ASIENTO SECUNDARIO - NOMBRE CORPORATIVO
Nombre corporativo o de jurisdicción como elemento de entradantry element Argentina.
Unidad subordinada Ministerio de Justicia y Derechos Humanos
929 ## - DATOS DE ADQUISICION
Procedencia DONACION
Proveedor Gladys Alarcón
Fecha de recibido 2018
Patrimonio UNQ PAT0080461
Es copia 1
Número de inventario 61471
942 ## - ELEMENTOS DE PUNTO DE ACCESO ADICIONAL (KOHA)
Tipo de ítem Koha Libros
Existencias
Estado de retiro Estado de pérdida Ubicación permanente Ubicación actual Ubicación en estantería Fecha de ingreso Total Checkouts Signatura topográfica completa Inventario Date last seen Número de copia Tipo de ítem Koha Operador
    Biblioteca ESET - UNQ Biblioteca ESET - UNQ SALA 25/09/2023   172 ETI 61471 25/09/2023 1 Libros GS

ESET UNQ

☏ 4365-7188
 Avenida República de Francia 1714 entre Doctor Kenny y Concordia, Ezpeleta, Bs As.
✉ secretaria_eset@unq.edu.ar

Con tecnología Koha